Half truths, (Record no. 73825)

MARC details
000 -LEADER
fixed length control field 00590cam a22002171 4500
001 - CONTROL NUMBER
control field sa 67003380
003 - CONTROL NUMBER IDENTIFIER
control field DLC
005 - DATE AND TIME OF LATEST TRANSACTION
control field 20260227112338.0
008 - FIXED-LENGTH DATA ELEMENTS--GENERAL INFORMATION
fixed length control field 830111s1966 ii 000 0 eng
010 ## - LIBRARY OF CONGRESS CONTROL NUMBER
LC control number sa 67003380
035 ## - SYSTEM CONTROL NUMBER
System control number (OCoLC)9119809
040 ## - CATALOGING SOURCE
Original cataloging agency DLC
Transcribing agency MoU
Modifying agency DLC
042 ## - AUTHENTICATION CODE
Authentication code premarc
050 00 - LIBRARY OF CONGRESS CALL NUMBER
Classification number JQ552
Item number .K3
100 1# - MAIN ENTRY--PERSONAL NAME
Personal name Kayani, Malik Rustam,
Dates associated with a name 1902-1962.
245 10 - TITLE STATEMENT
Title Half truths,
Statement of responsibility, etc. by M.R. Kayani.
250 ## - EDITION STATEMENT
Edition statement [1st ed.]
260 ## - PUBLICATION, DISTRIBUTION, ETC.
Place of publication, distribution, etc. Lahore,
Name of publisher, distributor, etc. Pakistan Writers' Co-operative Society
Date of publication, distribution, etc. [1966]
300 ## - PHYSICAL DESCRIPTION
Extent vii, 102 p.
Dimensions 23 cm.
650 #0 - SUBJECT ADDED ENTRY--TOPICAL TERM
Topical term or geographic name entry element Civil service
Geographic subdivision Pakistan.

No items available.

Powered by Koha